Milwaukee Bucks leading scorer each game (2024-2025 season) - Statistics

General Stats
  • This quiz has been taken 25 times
  • The average score is 6 of 10
Answer Stats
# of games Player % Correct
51 Giannis Antetokounmpo
100%
17 Damian Lillard
92%
2 Khris Middleton
83%
3 Brook Lopez
75%
2 Kyle Kuzma
67%
2 Bobby Portis
63%
2 Gary Trent Jr.
50%
1 Taurean Prince
50%
1 Pat Connaughton
38%
1 Ryan Rollins
25%
No matching quizzes found
Score Distribution
Percent of People with Each Score
Percentile by Number Answered
Your Score History
You have not taken this quiz